000 00681nam a2200217Ii 4500
001 20587
003 CO-ViMGA
008 241108s9999||||xx |||||||||||||| ||und||
020 _a9789585840751
040 _aCO-ViMGA
_bspa
_erda
_cCO-ViMGA
041 0 _aspa
082 0 4 _a351.0986198 P27fi
100 1 _aLeonel Pérez Bareño
_949526
245 1 0 _aLa firma del alcalde :
_bcambio e instituciones en Tame, Arauca
264 1 _aBogotá, Colombia : Corporación Cultural Entreletras, 2014
300 _avolumen
336 _atext
_btxt
_2rdacontent
337 _aunmediated
_bn
_2rdamedia
338 _avolume
_bnc
_2rdacarrier
940 _aidficha_siabuc: 20241. -- ficha_no_siabuc:20587
999 _c44199
_d44199